<?xml version="1.0" encoding="UTF-8"?>
<record
    xmlns:xsi="http://www.w3.org/2001/XMLSchema-instance"
    xsi:schemaLocation="http://www.loc.gov/MARC21/slim http://www.loc.gov/standards/marcxml/schema/MARC21slim.xsd"
    xmlns="http://www.loc.gov/MARC21/slim">

  <leader>01364nam a22002297a 4500</leader>
  <controlfield tag="005">20240701092022.0</controlfield>
  <controlfield tag="008">240701b           ||||| |||| 00| 0 eng d</controlfield>
  <datafield tag="020" ind1=" " ind2=" ">
    <subfield code="a">9789393559883</subfield>
  </datafield>
  <datafield tag="040" ind1=" " ind2=" ">
    <subfield code="c">AL</subfield>
  </datafield>
  <datafield tag="041" ind1=" " ind2=" ">
    <subfield code="a">English</subfield>
  </datafield>
  <datafield tag="082" ind1=" " ind2=" ">
    <subfield code="2">23</subfield>
    <subfield code="a">155.2</subfield>
    <subfield code="b">HOLP</subfield>
  </datafield>
  <datafield tag="100" ind1=" " ind2=" ">
    <subfield code="a">Peter Hollins</subfield>
    <subfield code="9">172018</subfield>
  </datafield>
  <datafield tag="245" ind1=" " ind2=" ">
    <subfield code="a">Psychological Triggers: Human Nature Irrationality and Why We Do What We Do</subfield>
    <subfield code="b">The Hidden Influences Behind Our Actions Thoughts and Behaviors</subfield>
  </datafield>
  <datafield tag="260" ind1=" " ind2=" ">
    <subfield code="a">Ahmedabad</subfield>
    <subfield code="b">Jaico Publishing House</subfield>
    <subfield code="c">2018</subfield>
  </datafield>
  <datafield tag="300" ind1=" " ind2=" ">
    <subfield code="a">173 p.</subfield>
    <subfield code="b">PB</subfield>
    <subfield code="c">20x13 cm.</subfield>
  </datafield>
  <datafield tag="365" ind1=" " ind2=" ">
    <subfield code="a">593</subfield>
    <subfield code="b">&#x20B9;280.00</subfield>
    <subfield code="c">&#x20B9;</subfield>
    <subfield code="d">&#x20B9;350.00</subfield>
    <subfield code="e">20%</subfield>
    <subfield code="f">03-05-2024</subfield>
  </datafield>
  <datafield tag="520" ind1=" " ind2=" ">
    <subfield code="a">Human Nature, Irrationality and Why We Do What We Do

UNDERSTAND, AVOID AND DEFEAT THE SUBCONSCIOUS CAUSES OF YOUR IRRATIONAL AND SELF-DEFEATING BEHAVIORS.

Seize control of your impulses and make better decisions. Psychological Triggers is an introduction to yourself &#x2014;your impulses, your desires and everything in your subconscious that drives you to action.

This book answers the question: &#x201C;Why did I just make a terrible choice when I know I shouldn&#x2019;t have?&#x201D; We are all slaves to our triggers, and this book seeks to identify them to better battle them.

MASTER YOUR PSYCHOLOGY, MASTER YOUR LIFE.</subfield>
  </datafield>
  <datafield tag="650" ind1=" " ind2=" ">
    <subfield code="a">Psychology</subfield>
    <subfield code="9">172014</subfield>
  </datafield>
  <datafield tag="650" ind1=" " ind2=" ">
    <subfield code="a">Self-Help</subfield>
    <subfield code="9">172015</subfield>
  </datafield>
  <datafield tag="700" ind1=" " ind2=" ">
    <subfield code="a">HOLLINS (Peter)</subfield>
    <subfield code="9">172016</subfield>
  </datafield>
  <datafield tag="942" ind1=" " ind2=" ">
    <subfield code="2">ddc</subfield>
    <subfield code="c">BK</subfield>
  </datafield>
  <datafield tag="999" ind1=" " ind2=" ">
    <subfield code="c">231332</subfield>
    <subfield code="d">231332</subfield>
  </datafield>
  <datafield tag="952" ind1=" " ind2=" ">
    <subfield code="0">0</subfield>
    <subfield code="1">0</subfield>
    <subfield code="2">ddc</subfield>
    <subfield code="4">0</subfield>
    <subfield code="7">0</subfield>
    <subfield code="8">PSY</subfield>
    <subfield code="a">AL</subfield>
    <subfield code="b">AL</subfield>
    <subfield code="d">2024-05-14</subfield>
    <subfield code="e">Biblios Book Point Surathkal Mangalore 575014</subfield>
    <subfield code="g">280.00</subfield>
    <subfield code="l">2</subfield>
    <subfield code="o">155.2 HOLP</subfield>
    <subfield code="p">077200</subfield>
    <subfield code="r">2026-02-16 11:51:17</subfield>
    <subfield code="s">2026-02-07</subfield>
    <subfield code="v">350.00</subfield>
    <subfield code="w">2024-07-01</subfield>
    <subfield code="y">BK</subfield>
  </datafield>
</record>
